Влияние солей жесткости воды на пенообразование; Экология и безопасность в техносфере: современные проблемы и пути решения

Dettagli Bibliografici
Parent link:Экология и безопасность в техносфере: современные проблемы и пути решения.— 2017.— [С. 633-636]
Autore principale: Штайнбрехер Н. А.
Ente Autore: Национальный исследовательский Томский политехнический университет Инженерная школа неразрушающего контроля и безопасности Отделение контроля и диагностики
Altri autori: Романцов И. И. Игорь Иванович
Riassunto:Заглавие с экрана
Одной из наиболее актуальных проблем современности является разработка и выявление качественных методов борьбы с пожарами. На этапах развития пожара необходимым параметром является своевременное обнаружение источника горения и последующее его устранение. Огнетушащие средства различных видов и назначения выполняют эти функции. В статье рассмотрено, как влияют соли жесткости воды на пенообразование. На сегодняшний день вода является наиболее доступным и универсальным средством пожаротушения.
Today one of the most pressing problems is the development and identification of quantitative methods of fighting fires. At the stages of fire dynamics, the necessary parameter is the timely detection of the combustion source and its subsequent elimination. Various kinds and purposes fire-extinguishing agents fulfill these functions. The article considers how salts of water hardness affect foaming. Because nowadays water is the most accessible and universal means of firefighting.
Lingua:russo
Pubblicazione: 2017
Serie:Современные технологии ликвидации ЧС и техническое обеспечение аварийно-спасательных работ
Soggetti:
Accesso online:http://earchive.tpu.ru/handle/11683/46725
Natura: MixedMaterials Elettronico Capitolo di libro
KOHA link:https://koha.lib.tpu.ru/cgi-bin/koha/opac-detail.pl?biblionumber=626553

MARC

LEADER 00000naa2a2200000 4500
001 626553
005 20240111134343.0
035 |a (RuTPU)RU\TPU\conf\25956 
035 |a RU\TPU\conf\25955 
090 |a 626553 
100 |a 20180305d2017 k y0rusy50 ca 
101 0 |a rus 
102 |a RU 
105 |a y z 101zy 
135 |a drcn ---uucaa 
181 0 |a i  
182 0 |a b 
200 1 |a Влияние солей жесткости воды на пенообразование  |f Н. А. Штайнбрехер, И. И. Романцов 
203 |a Текст  |c электронный 
225 1 |a Современные технологии ликвидации ЧС и техническое обеспечение аварийно-спасательных работ 
300 |a Заглавие с экрана 
320 |a [Библиогр.: с. 635-636 (3 назв.)] 
330 |a Одной из наиболее актуальных проблем современности является разработка и выявление качественных методов борьбы с пожарами. На этапах развития пожара необходимым параметром является своевременное обнаружение источника горения и последующее его устранение. Огнетушащие средства различных видов и назначения выполняют эти функции. В статье рассмотрено, как влияют соли жесткости воды на пенообразование. На сегодняшний день вода является наиболее доступным и универсальным средством пожаротушения. 
330 |a Today one of the most pressing problems is the development and identification of quantitative methods of fighting fires. At the stages of fire dynamics, the necessary parameter is the timely detection of the combustion source and its subsequent elimination. Various kinds and purposes fire-extinguishing agents fulfill these functions. The article considers how salts of water hardness affect foaming. Because nowadays water is the most accessible and universal means of firefighting. 
463 0 |0 (RuTPU)RU\TPU\conf\25447  |t Экология и безопасность в техносфере: современные проблемы и пути решения  |o сборник трудов Всероссийской научно-практической конференции молодых ученых, аспирантов и студентов, г. Юрга, 23-25 ноября 2017 г.  |f Национальный исследовательский Томский политехнический университет (ТПУ), Юргинский технологический институт (ЮТИ) ; под ред. Д. А. Чинахова [и др.]  |v [С. 633-636]  |d 2017 
610 1 |a электронный ресурс 
610 1 |a труды учёных ТПУ 
610 1 |a горение 
610 1 |a огнетушащие средства 
610 1 |a пенообразование 
610 1 |a пожаротушение 
610 1 |a окружающая среда 
700 1 |a Штайнбрехер  |b Н. А. 
701 1 |a Романцов  |b И. И.  |c специалист в области экологии и безопасности жизнедеятельности  |c доцент Томского политехнического университета, кандидат технических наук  |f 1967-  |g Игорь Иванович  |3 (RuTPU)RU\TPU\pers\32975  |9 16820 
712 0 2 |a Национальный исследовательский Томский политехнический университет  |b Инженерная школа неразрушающего контроля и безопасности  |b Отделение контроля и диагностики  |3 (RuTPU)RU\TPU\col\23584 
801 2 |a RU  |b 63413507  |c 20180313  |g RCR 
856 4 |u http://earchive.tpu.ru/handle/11683/46725 
942 |c BK